000 00427nam a22001217a 4500
008 230620b xxu||||| |||| 00| 0 eng d
082 _a323.119
_bUN
110 _bUN
245 _aReport of the committee on the Exercise of the Inalienable Rights of the Palestinian People
_bGeneral Assembly
_cOfficial Record. Forty-Seventh session
_hSupplement No.35(A/47/35)
260 _aNew York
_bUN
_c1994
300 _a59p
942 _2ddc
_cBK
999 _c1795
_d1795